[Event "South Wales op 20th"]
[Site "Bridgend"]
[Date "2025.07.06"]
[Round "5"]
[White "Roberts, David Llewelyn"]
[Black "Di Vetta, Andrew"]
[Result "1-0"]
[WhiteElo "1988"]
[BlackElo "1784"]
[PlyCount "97"]
[EventDate "2025.07.04"]
[EventType "swiss"]
[EventRounds "9"]
[EventCountry "WLS"]
[SourceTitle "CB29_2025"]
[SourceDate "2025.07.16"]
[SourceVersion "1"]
[SourceVersionDate "2025.07.16"]
[SourceQuality "1"]

1. e4 c5 2. Nf3 d6 3. d4 cxd4 4. Nxd4 a6 5. c4 Nf6 6. Nc3 g6 7. Be2 Nbd7 8. 0-0 Bg7 9. Be3 Ne5 10. h3 Bd7 11. Rc1 h5 12. Qd2 Rc8 13. b3 Nc6 14. Nf3 Qa5 15. Rfd1 0-0 16. Bh6 Rfd8 17. Bxg7 Kxg7 18. Qb2 Qc5 19. Nd5 Be6 20. Ng5 Qa7 21. Nf4 Bd7 22. c5 Be8 23. cxd6 exd6 24. Nh7 Kxh7 25. Qxf6 b5 26. Bxh5 Qe7 27. Qxe7 Nxe7 28. Bg4 Bd7 29. Rxc8 Bxc8 30. Bxc8 Nxc8 31. Nd5 a5 32. Rc1 Kg7 33. Rc7 Kf8 34. f3 Re8 35. Kf2 Ne7 36. Nxe7 Rxe7 37. Rxe7 Kxe7 38. Ke3 Ke6 39. h4 a4 40. Kd4 axb3 41. axb3 f5 42. exf5+ Kxf5 43. g3 Ke6 44. g4 b4 45. Ke4 d5+ 46. Kd4 Kd6 47. h5 gxh5 48. gxh5 Ke6 49. h6 1-0

[Event "BCF-ch Major"]
[Site "Hull"]
[Date "2024.08.04"]
[Round "9"]
[White "Harborne, Matthew J"]
[Black "Roberts, David Llewelyn"]
[Result "1-0"]
[WhiteElo "2103"]
[BlackElo "1963"]
[PlyCount "49"]
[EventDate "2024.07.27"]
[EventType "swiss"]
[EventRounds "9"]
[EventCountry "ENG"]
[SourceTitle "CBM 221 Extra"]
[Source "ChessBase"]
[SourceDate "2024.09.30"]
[SourceVersion "1"]
[SourceVersionDate "2024.09.30"]
[SourceQuality "1"]

1. e4 e5 2. Nf3 Nc6 3. Bb5 f5 4. Nc3 Nf6 5. d3 fxe4 6. dxe4 d6 7. Bg5 Be7 8. Qd3 a6 9. Bxc6+ bxc6 10. Qc4 Bd7 11. 0-0-0 Nd5 12. Bxe7 Nxe7 13. Ng5 d5 14. exd5 cxd5 15. Nxd5 Nxd5 16. Qxd5 Qxg5+ 17. f4 Qxf4+ 18. Kb1 Rd8 19. Rhf1 c6 20. Qb3 Qf6 21. Rxf6 gxf6 22. Rf1 Rf8 23. a4 Ke7 24. Qb4+ Ke8 25. Qd6 1-0

[Event "BCF-chT4S 1920 (4NCL)"]
[Site "England"]
[Date "2019.11.10"]
[Round "2.43"]
[White "Zheng, Harry Z"]
[Black "Roberts, David Llewelyn"]
[Result "1-0"]
[WhiteElo "1823"]
[BlackElo "2011"]
[PlyCount "53"]
[EventDate "2019.11.09"]
[EventType "team-swiss"]
[EventRounds "11"]
[EventCountry "ENG"]
[SourceTitle "EXT 2022"]
[Source "ChessBase"]
[SourceDate "2021.10.06"]
[SourceVersion "1"]
[SourceVersionDate "2021.10.06"]
[SourceQuality "1"]
[WhiteTeam "Poisoned Pawns Next Generation"]
[BlackTeam "The Full Ponty"]
[WhiteTeamCountry "ENG"]
[BlackTeamCountry "WLS"]

1. e4 e5 2. Nf3 Nc6 3. Bc4 Nf6 4. d3 Be7 5. 0-0 d6 6. h3 Na5 7. Bb3 Nxb3 8. axb3 0-0 9. Nc3 c6 10. Re1 Ne8 11. d4 Qc7 12. Qe2 Bd7 13. Be3 b6 14. Qd2 b5 15. dxe5 f5 16. exd6 Bxd6 17. exf5 Bxf5 18. Nxb5 cxb5 19. Qd5+ Qf7 20. Qxa8 Nc7 21. Qc6 Qg6 22. Qc3 Be4 23. Nh4 Qe6 24. Rxa7 Be5 25. Qd2 Qc6 26. Bd4 Rd8 27. Qg5 1-0

[Event "BCF-chT4S 1920 (4NCL)"]
[Site "England"]
[Date "2019.11.09"]
[Round "1.43"]
[White "Roberts, David Llewelyn"]
[Black "Wolstenholme, Otis"]
[Result "1-0"]
[WhiteElo "2011"]
[BlackElo "1682"]
[PlyCount "105"]
[EventDate "2019.11.09"]
[EventType "team-swiss"]
[EventRounds "11"]
[EventCountry "ENG"]
[SourceTitle "EXT 2022"]
[Source "ChessBase"]
[SourceDate "2021.10.06"]
[SourceVersion "1"]
[SourceVersionDate "2021.10.06"]
[SourceQuality "1"]
[WhiteTeam "The Full Ponty"]
[BlackTeam "Barnet Knights II"]
[WhiteTeamCountry "WLS"]
[BlackTeamCountry "ENG"]

1. e4 e6 2. d4 d5 3. Nd2 Nf6 4. e5 Nfd7 5. Bd3 c5 6. c3 Nc6 7. Ne2 cxd4 8. cxd4 f6 9. exf6 Nxf6 10. Nf3 Bd6 11. 0-0 Qc7 12. Bg5 0-0 13. Rc1 h6 14. Bh4 Bd7 15. Bg3 Bxg3 16. hxg3 Qd6 17. Nf4 Be8 18. Re1 Bf7 19. Bb5 Rac8 20. Bxc6 Rxc6 21. Ne5 Rxc1 22. Qxc1 Re8 23. f3 Nd7 24. Nfd3 Nb6 25. Qc5 Qxc5 26. Nxc5 Re7 27. b3 g6 28. Kf2 Kg7 29. Ke3 Be8 30. Rc1 Bc6 31. Rh1 h5 32. g4 hxg4 33. Nxg4 Nd7 34. Nxd7 Bxd7 35. Ne5 Be8 36. Rc1 Kf6 37. Rc8 Kg7 38. Kf4 Kf6 39. Ng4+ Kg7 40. Kg5 Bf7 41. f4 Be8 42. Ne5 Bf7 43. g3 Be8 44. Ng4 Bf7 45. Nf6 b6 46. b4 Rb7 47. Ng4 Re7 48. Ne5 Be8 49. a3 Bf7 50. b5 Be8 51. Nc6 Bxc6 52. bxc6 b5 53. c7 1-0